Les finalistes de Grand Chelem. - Statistiques

Statistiques générales
  • Ce quiz a été pris 88 fois
  • Le résultat moyen est 270 sur 456
Statistiques - réponses
Grand Chelem Joueur Résultat % Correct
RG 2025 Alcaraz Vainqueur
100%
WIM 2024 Alcaraz Vainqueur
100%
RG 2024 Alcaraz Vainqueur
100%
WIM 2023 Alcaraz Vainqueur
100%
US 2022 Alcaraz Vainqueur
100%
RG 2025 Sinner Finaliste
98%
OA 2025 Sinner Vainqueur
98%
US 2024 Sinner Vainqueur
98%
OA 2024 Sinner Vainqueur
98%
WIM 2024 Djokovic Finaliste
97%
US 2023 Djokovic Vainqueur
97%
WIM 2023 Djokovic Finaliste
97%
RG 2023 Djokovic Vainqueur
97%
OA 2023 Djokovic Vainqueur
97%
WIM 2022 Djokovic Vainqueur
97%
US 2021 Djokovic Finaliste
97%
WIM 2021 Djokovic Vainqueur
97%
RG 2021 Djokovic Vainqueur
97%
OA 2021 Djokovic Vainqueur
97%
RG 2020 Djokovic Finaliste
97%
OA 2020 Djokovic Vainqueur
97%
WIM 2019 Djokovic Vainqueur
97%
OA 2019 Djokovic Vainqueur
97%
US 2018 Djokovic Vainqueur
97%
WIM 2018 Djokovic Vainqueur
97%
US 2016 Djokovic Finaliste
97%
RG 2016 Djokovic Vainqueur
97%
OA 2016 Djokovic Vainqueur
97%
US 2015 Djokovic Vainqueur
97%
WIM 2015 Djokovic Vainqueur
97%
RG 2015 Djokovic Finaliste
97%
OA 2015 Djokovic Vainqueur
97%
WM 2014 Djokovic Vainqueur
97%
RG 2014 Djokovic Finaliste
97%
US 2013 Djokovic Finaliste
97%
WIM 2013 Djokovic Finaliste
97%
OA 2013 Djokovic Vainqueur
97%
US 2012 Djokovic Finaliste
97%
RG 2012 Djokovic Finaliste
97%
OA 2012 Djokovic Vainqueur
97%
US 2011 Djokovic Vainqueur
97%
WIM 2011 Djokovic Vainqueur
97%
OA 2011 Djokovic Vainqueur
97%
US 2010 Djokovic Finaliste
97%
OA 2008 Djokovic Vainqueur
97%
US 2007 Djokovic Finaliste
97%
RG 2022 Nadal Vainqueur
97%
OA 2022 Nadal Vainqueur
97%
RG 2020 Nadal Vainqueur
97%
US 2019 Nadal Vainqueur
97%
RG 2019 Nadal Vainqueur
97%
OA 2019 Nadal Finaliste
97%
RG 2018 Nadal Vainqueur
97%
US 2017 Nadal Vainqueur
97%
RG 2017 Nadal Vainqueur
97%
OA 2017 Nadal Finaliste
97%
RG 2014 Nadal Vainqueur
97%
OA 2014 Nadal Finaliste
97%
US 2013 Nadal Vainqueur
97%
RG 2013 Nadal Vainqueur
97%
RG 2012 Nadal Vainqueur
97%
OA 2012 Nadal Finaliste
97%
US 2011 Nadal Finaliste
97%
WIM 2011 Nadal Finaliste
97%
RG 2011 Nadal Vainqueur
97%
US 2010 Nadal Vainqueur
97%
WIM 2010 Nadal Vainqueur
97%
RG 2010 Nadal Vainqueur
97%
OA 2009 Nadal Vainqueur
97%
WIM 2008 Nadal Vainqueur
97%
RG 2008 Nadal Vainqueur
97%
WIM 2007 Nadal Finaliste
97%
RG 2007 Nadal Vainqueur
97%
WIM 2006 Nadal Finaliste
97%
RG 2006 Nadal Vainqueur
97%
RG 2005 Nadal Vainqueur
97%
WIM 2019 Federer Finaliste
95%
OA 2018 Federer Vainqueur
95%
WIM 2017 Federer Vainqueur
95%
OA 2017 Federer Vainqueur
95%
US 2015 Federer Finaliste
95%
WIM 2015 Federer Finaliste
95%
WIM 2014 Federer Finaliste
95%
WIM 2012 Federer Vainqueur
95%
RG 2011 Federer Finaliste
95%
OA 2010 Federer Vainqueur
95%
US 2009 Federer Finaliste
95%
WIM 2009 Federer Vainqueur
95%
RG 2009 Federer Vainqueur
95%
OA 2009 Federer Finaliste
95%
US 2008 Federer Vainqueur
95%
WIM 2008 Federer Finaliste
95%
RG 2008 Federer Finaliste
95%
US 2007 Federer Vainqueur
95%
WIM 2007 Federer Vainqueur
95%
RG 2007 Federer Finaliste
95%
OA 2007 Federer Vainqueur
95%
US 2006 Federer Vainqueur
95%
WIM 2006 Federer Vainqueur
95%
RG 2006 Federer Finaliste
95%
OA 2006 Federer Vainqueur
95%
US 2005 Federer Vainqueur
95%
WIM 2005 Federer Vainqueur
95%
US 2004 Federer Vainqueur
95%
WIM 2004 Federer Vainqueur
95%
OA 2004 Federer Vainqueur
95%
WIM 2003 Federer Vainqueur
95%
WIM 2016 Murray Vainqueur
89%
RG 2016 Murray Finaliste
89%
OA 2016 Murray Finaliste
89%
OA 2015 Murray Finaliste
89%
WIM 2013 Murray Vainqueur
89%
OA 2013 Murray Finaliste
89%
US 2012 Murray Vainqueur
89%
WIM 2012 Murray Finaliste
89%
OA 2011 Murray Finaliste
89%
OA 2010 Murray Finaliste
89%
US 2008 Murray Finaliste
89%
OA 2025 Zverev Finaliste
89%
RG 2024 Zverev Finaliste
89%
US 2020 Zverev Finaliste
89%
OA 2024 Medvedev Finaliste
87%
US 2023 Medvedev Finaliste
87%
OA 2022 Medvedev Finaliste
87%
US 2021 Medvedev Vainqueur
87%
OA 2021 Medvedev Finaliste
87%
US 2019 Medvedev Finaliste
87%
RG 1999 Medvedev Finaliste
87%
RG 2017 Wawrinka Finaliste
87%
US 2016 Wawrinka Vainqueur
87%
RG 2015 Wawrinka Vainqueur
87%
OA 2014 Wawrinka Vainqueur
87%
US 2005 Agassi Finaliste
78%
OA 2003 Agassi Vainqueur
78%
US 2002 Agassi Finaliste
78%
OA 2001 Agassi Vainqueur
78%
OA 2000 Agassi Vainqueur
78%
US 1999 Agassi Vainqueur
78%
WIM 1999 Agassi Finaliste
78%
RG 1999 Agassi Vainqueur
78%
US 1995 Agassi Finaliste
78%
OA 1995 Agassi Vainqueur
78%
US 1994 Agassi Vainqueur
78%
WIM 1992 Agassi Vainqueur
78%
RG 1991 Agassi Finaliste
78%
US 1990 Agassi Finaliste
78%
RG 1990 Agassi Finaliste
78%
RG 2013 Ferrer Finaliste
78%
US 1981 Borg Finaliste
75%
WIM 1981 Borg Finaliste
75%
RG 1981 Borg Vainqueur
75%
US 1980 Borg Finaliste
75%
WIM 1980 Borg Vainqueur
75%
RG 1980 Borg Vainqueur
75%
WIM 1979 Borg Vainqueur
75%
RG 1979 Borg Vainqueur
75%
US 1978 Borg Finaliste
75%
WIM 1978 Borg Vainqueur
75%
RG 1978 Borg Vainqueur
75%
WIM 1977 Borg Vainqueur
75%
US 1976 Borg Finaliste
75%
WIM 1976 Borg Vainqueur
75%
RG 1975 Borg Vainqueur
75%
RG 1974 Borg Vainqueur
75%
RG 2023 Ruud Finaliste
75%
US 2022 Ruud Finaliste
75%
RG 2022 Ruud Finaliste
75%
RG 1983 Noah Vainqueur
73%
US 2020 Thiem Vainqueur
73%
OA 2020 Thiem Finaliste
73%
RG 2019 Thiem Finaliste
73%
RG 2018 Thiem Finaliste
73%
OA 2008 Tsonga Finaliste
73%
US 2018 Del Potro Finaliste
71%
US 2009 Del Potro Vainqueur
71%
OA 2023 Tsitsipas Finaliste
71%
RG 2021 Tsitsipas Finaliste
71%
US 2002 Sampras Vainqueur
70%
US 2001 Sampras Finaliste
70%
US 2000 Sampras Finaliste
70%
WIM 2000 Sampras Vainqueur
70%
WIM 1999 Sampras Vainqueur
70%
WIM 1998 Sampras Vainqueur
70%
WIM 1997 Sampras Vainqueur
70%
OA 1997 Sampras Vainqueur
70%
US 1996 Sampras Vainqueur
70%
US 1995 Sampras Vainqueur
70%
WIM 1995 Sampras Vainqueur
70%
OA 1995 Sampras Finaliste
70%
WIM 1994 Sampras Vainqueur
70%
OA 1994 Sampras Vainqueur
70%
US 1993 Sampras Vainqueur
70%
WIM 1993 Sampras Vainqueur
70%
US 1992 Sampras Finaliste
70%
US 1990 Sampras Vainqueur
70%
OA 2018 Cilic Finaliste
67%
WIM 2017 Cilic Finaliste
67%
US 2014 Cilic Vainqueur
67%
US 1985 McEnroe Finaliste
65%
US 1984 McEnroe Vainqueur
65%
WIM 1984 McEnroe Vainqueur
65%
RG 1984 McEnroe Finaliste
65%
WIM 1983 McEnroe Vainqueur
65%
WIM 1982 McEnroe Finaliste
65%
US 1981 McEnroe Vainqueur
65%
WIM 1981 McEnroe Vainqueur
65%
US 1980 McEnroe Vainqueur
65%
WIM 1980 McEnroe Finaliste
65%
US 1979 McEnroe Vainqueur
65%
US 2024 Fritz Finaliste
62%
US 1996 Chang Finaliste
60%
OA 1996 Chang Finaliste
60%
RG 1995 Chang Finaliste
60%
RG 1989 Chang Vainqueur
60%
US 2003 Ferrero Finaliste
60%
RG 2003 Ferrero Vainqueur
60%
RG 2002 Ferrero Finaliste
60%
OA 1991 Lendl Finaliste
60%
OA 1990 Lendl Vainqueur
60%
US 1989 Lendl Finaliste
60%
OA 1989 Lendl Vainqueur
60%
US 1988 Lendl Finaliste
60%
US 1987 Lendl Vainqueur
60%
WIM 1987 Lendl Finaliste
60%
RG 1987 Lendl Vainqueur
60%
US 1986 Lendl Vainqueur
60%
WIM 1986 Lendl Finaliste
60%
RG 1986 Lendl Vainqueur
60%
US 1985 Lendl Vainqueur
60%
RG 1985 Lendl Finaliste
60%
US 1984 Lendl Finaliste
60%
RG 1984 Lendl Vainqueur
60%
OA 1983 Lendl Finaliste
60%
US 1983 Lendl Finaliste
60%
US 1982 Lendl Finaliste
60%
RG 1981 Lendl Finaliste
60%
RG 2001 Kuerten Vainqueur
57%
RG 2000 Kuerten Vainqueur
57%
RG 1997 Kuerten Vainqueur
57%
US 2014 Nishikori Finaliste
56%
WIM 1984 Connors Finaliste
54%
US 1983 Connors Vainqueur
54%
US 1982 Connors Vainqueur
54%
WIM 1982 Connors Vainqueur
54%
US 1978 Connors Vainqueur
54%
WIM 1978 Connors Finaliste
54%
US 1977 Connors Finaliste
54%
WIM 1977 Connors Finaliste
54%
US 1976 Connors Vainqueur
54%
US 1975 Connors Finaliste
54%
WIM 1975 Connors Finaliste
54%
OA 1974 Connors Finaliste
54%
US 1974 Connors Vainqueur
54%
WIM 1974 Connors Vainqueur
54%
OA 1973 Connors Vainqueur
54%
WIM 2009 Roddick Finaliste
54%
US 2006 Roddick Finaliste
54%
WIM 2005 Roddick Finaliste
54%
WIM 2004 Roddick Finaliste
54%
US 2003 Roddick Vainqueur
54%
OA 2005 Hewitt Finaliste
52%
US 2004 Hewitt Finaliste
52%
WIM 2002 Hewitt Vainqueur
52%
US 2001 Hewitt Vainqueur
52%
WIM 2022 Kyrgios Finaliste
52%
RG 2010 Soderling Finaliste
52%
RG 2009 Soderling Finaliste
52%
OA 1996 Becker Vainqueur
49%
WIM 1995 Becker Finaliste
49%
WIM 1991 Becker Finaliste
49%
OA 1991 Becker Vainqueur
49%
WIM 1990 Becker Finaliste
49%
US 1989 Becker Vainqueur
49%
WIM 1989 Becker Vainqueur
49%
WIM 1988 Becker Finaliste
49%
WIM 1986 Becker Vainqueur
49%
WIM 1985 Becker Vainqueur
49%
RG 2004 Gaudio Vainqueur
49%
RG 1998 Moyà Vainqueur
48%
OA 1997 Moyà Finaliste
48%
WIM 2021 Berrettini Finaliste
46%
WIM 2016 Raonic Finaliste
46%
WIM 2018 Anderson Finaliste
44%
US 2017 Anderson Finaliste
44%
OA 1971* Anderson Finaliste
44%
WIM 1993 Courier Finaliste
44%
RG 1993 Courier Finaliste
44%
OA 1993 Courier Vainqueur
44%
RG 1992 Courier Vainqueur
44%
OA 1992 Courier Vainqueur
44%
US 1991 Courier Finaliste
44%
RG 1991 Courier Vainqueur
44%
OA 1993 Edberg Finaliste
44%
US 1992 Edberg Vainqueur
44%
OA 1992 Edberg Finaliste
44%
US 1991 Edberg Vainqueur
44%
WIM 1990 Edberg Vainqueur
44%
OA 1990 Edberg Finaliste
44%
WIM 1989 Edberg Finaliste
44%
RG 1989 Edberg Finaliste
44%
WIM 1988 Edberg Vainqueur
44%
OA 1987 Edberg Vainqueur
44%
OA 1985 Edberg Vainqueur
44%
OA 2005 Safin Vainqueur
44%
OA 2004 Safin Finaliste
44%
OA 2002 Safin Finaliste
44%
US 2000 Safin Vainqueur
44%
US 1988 Wilander Vainqueur
44%
RG 1988 Wilander Vainqueur
44%
OA 1988 Wilander Vainqueur
44%
US 1987 Wilander Finaliste
44%
RG 1987 Wilander Finaliste
44%
OA 1985 Wilander Finaliste
44%
RG 1985 Wilander Vainqueur
44%
OA 1984 Wilander Vainqueur
44%
OA 1983 Wilander Vainqueur
44%
RG 1983 Wilander Finaliste
44%
RG 1982 Wilander Vainqueur
44%
WIM 1975 Ashe Vainqueur
43%
US 1972 Ashe Finaliste
43%
OA 1971* Ashe Finaliste
43%
OA 1970 Ashe Vainqueur
43%
US 1968 Ashe Vainqueur
43%
RG 2004 Coria Finaliste
41%
WIM 2010 Berdych Finaliste
40%
US 1969 Laver Vainqueur
40%
WIM 1969 Laver Vainqueur
40%
RG 1969 Laver Vainqueur
40%
OA 1969 Laver Vainqueur
40%
WIM 1968 Laver Vainqueur
40%
RG 1968 Laver Finaliste
40%
WIM 2001 Ivanisevic Vainqueur
38%
WIM 1998 Ivanisevic Finaliste
38%
WIM 1994 Ivanisevic Finaliste
38%
WIM 1992 Ivanisevic Finaliste
38%
OA 2000 Kafelnikov Finaliste
38%
OA 1999 Kafelnikov Vainqueur
38%
RG 1996 Kafelnikov Vainqueur
38%
RG 1988 Leconte Finaliste
38%
RG 1995 Muster Vainqueur
37%
WIM 2002 Nalbandian Finaliste
37%
OA 1998 Korda Vainqueur
35%
RG 1992 Korda Finaliste
35%
WIM 2001 Rafter Finaliste
35%
WIM 2000 Rafter Finaliste
35%
US 1998 Rafter Vainqueur
35%
US 1997 Rafter Vainqueur
35%
RG 2002 Costa Vainqueur
33%
WIM 1976 Nastase Finaliste
33%
RG 1973 Nastase Vainqueur
33%
US 1972 Nastase Vainqueur
33%
WIM 1972 Nastase Finaliste
33%
RG 1971 Nastase Finaliste
33%
OA 1975 Newcombe Finaliste
32%
OA 1974 Newcombe Vainqueur
32%
US 1973 Newcombe Vainqueur
32%
OA 1972 Newcombe Vainqueur
32%
WIM 1971 Newcombe Vainqueur
32%
WIM 1970 Newcombe Vainqueur
32%
WIM 1969 Newcombe Finaliste
32%
RG 1997 Bruguera Finaliste
30%
RG 1994 Bruguera Vainqueur
30%
RG 1993 Bruguera Vainqueur
30%
RG 1990 Gomez Vainqueur
30%
WIM 1972 Smith Vainqueur
30%
US 1971 Smith Vainqueur
30%
WIM 1971 Smith Finaliste
30%
OA 1988 Cash Finaliste
27%
WIM 1987 Cash Vainqueur
27%
OA 1987 Cash Finaliste
27%
OA 2002 Johansson Vainqueur
27%
RG 1982 Vilas Finaliste
27%
OA 1979 Vilas Vainqueur
27%
OA 1978 Vilas Vainqueur
27%
RG 1978 Vilas Finaliste
27%
US 1977 Vilas Vainqueur
27%
RG 1977 Vilas Vainqueur
27%
OA 1977* Vilas Finaliste
27%
RG 1975 Vilas Finaliste
27%
US 1974 Rosewall Finaliste
25%
WIM 1974 Rosewall Finaliste
25%
OA 1971* Rosewall Vainqueur
25%
OA 1971* Rosewall Vainqueur
25%
US 1970 Rosewall Vainqueur
25%
WIM 1970 Rosewall Finaliste
25%
RG 1969 Rosewall Finaliste
25%
RG 1968 Rosewall Vainqueur
25%
OA 2001 Clément Finaliste
24%
RG 2001 Corretja Finaliste
24%
RG 1998 Corretja Finaliste
24%
WIM 2003 Philippoussis Finaliste
24%
US 1998 Philippoussis Finaliste
24%
OA 2006 Baghdatis Finaliste
22%
RG 1980 Gerulaitis Finaliste
22%
US 1979 Gerulaitis Finaliste
22%
OA 1977* Gerulaitis Vainqueur
22%
US 1973 Kodes Finaliste
22%
WIM 1973 Kodes Vainqueur
22%
US 1971 Kodes Finaliste
22%
RG 1971 Kodes Vainqueur
22%
RG 1970 Kodes Vainqueur
22%
WIM 1996 Krajicek Vainqueur
22%
US 1975 Orantes Vainqueur
22%
RG 1974 Orantes Finaliste
22%
RG 1976 Panatta Vainqueur
22%
WIM 1997 Pioline Finaliste
22%
US 1993 Pioline Finaliste
22%
RG 2005 Puerta Finaliste
21%
OA 1998 Rios Finaliste
21%
RG 1996 Stich Finaliste
21%
US 1994 Stich Finaliste
21%
WIM 1991 Stich Vainqueur
21%
RG 1972 Gimeno Vainqueur
17%
OA 1969 Gimeno Finaliste
17%
OA 2007 Gonzalez Finaliste
17%
OA 1982 Kriek Vainqueur
17%
OA 1981 Kriek Vainqueur
17%
US 1999 Martin Finaliste
17%
OA 1994 Martin Finaliste
17%
OA 1999 Enqvist Finaliste
16%
RG 2000 Norman Finaliste
16%
WIM 1979 Tanner Finaliste
16%
OA 1977* Tanner Vainqueur
16%
OA 1980 Teacher Vainqueur
14%
RG 2003 Verkerk Finaliste
13%
RG 1994 Berasategui Finaliste
11%
OA 1975 Edmonson Vainqueur
11%
OA 1989 Mecir Finaliste
11%
US 1986 Mecir Finaliste
11%
US 1968 Okker Finaliste
11%
RG 1972 Proisy Finaliste
11%
WIM 1996 Washington Finaliste
11%
WIM 1985 Curren Finaliste
10%
OA 1984 Curren Finaliste
10%
RG 1979 Pecci Finaliste
10%
US 1970 Roche Finaliste
10%
US 1969 Roche Finaliste
10%
WIM 1968 Roche Finaliste
10%
US 1997 Rusedski Finaliste
10%
OA 2003 Schuttler Finaliste
10%
RG 1986 Pernfors Finaliste
8%
RG 1973 Pilic Finaliste
6%
RG 1976 Solomon Finaliste
6%
OA 1973 Dent Finaliste
5%
OA 1982 Denton Finaliste
5%
OA 1981 Denton Finaliste
5%
RG 1970 Franulovic Finaliste
3%
RG 1977 Gottfried Finaliste
3%
WIM 1983 Lewis Finaliste
3%
WIM 1973 Metreveli Finaliste
3%
OA 1970 Crealy Finaliste
2%
OA 1977* Lloyd Finaliste
2%
OA 1978 Marks Finaliste
2%
OA 1972 Parun Finaliste
2%
OA 1979 Sadri Finaliste
2%
OA 1980 Warwick Finaliste
0%
Aucun quiz correspondant
Distribution des résultats
% des personnes avec chaque résultat
Percentile par nombre de réponses
Votre historique - résultats
Vous n’avez pas pris ce quiz